<?xml version="1.0" encoding="UTF-8"?>
<record
    xmlns:xsi="http://www.w3.org/2001/XMLSchema-instance"
    xsi:schemaLocation="http://www.loc.gov/MARC21/slim http://www.loc.gov/standards/marcxml/schema/MARC21slim.xsd"
    xmlns="http://www.loc.gov/MARC21/slim">

  <leader>00922cam a2200253 a 4500</leader>
  <controlfield tag="003">EG-GiCUC</controlfield>
  <controlfield tag="008">070426m19799999ku     g      000 0 ara d</controlfield>
  <datafield tag="040" ind1=" " ind2=" ">
    <subfield code="a">EG-GiCUC</subfield>
    <subfield code="b">ara</subfield>
    <subfield code="c">EG-GiCUC</subfield>
  </datafield>
  <datafield tag="050" ind1=" " ind2="4">
    <subfield code="a">BP130.4</subfield>
    <subfield code="b">K4 1979</subfield>
  </datafield>
  <datafield tag="092" ind1="0" ind2="4">
    <subfield code="a">227.4</subfield>
    <subfield code="b">K459 1979</subfield>
    <subfield code="2">21</subfield>
  </datafield>
  <datafield tag="099" ind1=" " ind2=" ">
    <subfield code="a">04</subfield>
    <subfield code="a">227.4 K459 1979</subfield>
  </datafield>
  <datafield tag="100" ind1="1" ind2=" ">
    <subfield code="a">&#x627;&#x644;&#x62E;&#x648;&#x626;&#x649; : &#x627;&#x628;&#x648; &#x627;&#x644;&#x642;&#x627;&#x633;&#x645; &#x628;&#x646; &#x639;&#x644;&#x649; &#x627;&#x643;&#x628;&#x631; :</subfield>
    <subfield code="d">1899-</subfield>
  </datafield>
  <datafield tag="245" ind1="1" ind2="2">
    <subfield code="a">&#x627;&#x644;&#x628;&#x64A;&#x627;&#x646; &#x641;&#x649; &#x62A;&#x641;&#x633;&#x64A;&#x631; &#x627;&#x644;&#x642;&#x631;&#x627;&#x646;/</subfield>
    <subfield code="c">&#x644;&#x627;&#x628;&#x649; &#x627;&#x644;&#x642;&#x627;&#x633;&#x645; &#x627;&#x644;&#x645;&#x648;&#x633;&#x648;&#x649; &#x627;&#x644;&#x62E;&#x648;&#x626;&#x649;</subfield>
  </datafield>
  <datafield tag="250" ind1=" " ind2=" ">
    <subfield code="a">&#x637;4.</subfield>
  </datafield>
  <datafield tag="260" ind1=" " ind2=" ">
    <subfield code="a">&#x627;&#x644;&#x643;&#x648;&#x64A;&#x62A;:</subfield>
    <subfield code="b">&#x62F;&#x627;&#x631; &#x627;&#x644;&#x62A;&#x648;&#x62D;&#x64A;&#x62F;:</subfield>
    <subfield code="c">1979-</subfield>
  </datafield>
  <datafield tag="300" ind1=" " ind2=" ">
    <subfield code="a">&#x645;&#x62C;&#x61B;</subfield>
    <subfield code="c">24&#x633;&#x645;</subfield>
  </datafield>
  <datafield tag="504" ind1=" " ind2=" ">
    <subfield code="a">&#x64A;&#x634;&#x62A;&#x645;&#x644; &#x639;&#x644;&#x649; &#x627;&#x631;&#x62C;&#x627;&#x639;&#x627;&#x62A; &#x628;&#x628;&#x644;&#x64A;&#x648;&#x62C;&#x631;&#x627;&#x641;&#x64A;&#x629;</subfield>
  </datafield>
  <datafield tag="505" ind1="0" ind2=" ">
    <subfield code="a">&#x645;&#x62C; 1. &#x627;&#x644;&#x645;&#x62F;&#x62E;&#x644; &#x648; &#x641;&#x627;&#x62A;&#x62D;&#x629; &#x627;&#x644;&#x643;&#x62A;&#x627;&#x628;-</subfield>
  </datafield>
  <datafield tag="590" ind1=" " ind2=" ">
    <subfield code="a">&#x627;&#x644;&#x645;&#x643;&#x62A;&#x628;&#x629; &#x62A;&#x642;&#x62A;&#x646;&#x649; &#x641;&#x642;&#x637; &#x627;&#x644;&#x645;&#x62C;&#x644;&#x62F; &#x627;&#x644;&#x627;&#x648;&#x644;</subfield>
  </datafield>
  <datafield tag="630" ind1="2" ind2="0">
    <subfield code="a">&#x627;&#x644;&#x642;&#x631;&#x622;&#x646;</subfield>
    <subfield code="x">&#x62A;&#x641;&#x627;&#x633;&#x64A;&#x631; &#x634;&#x64A;&#x639;&#x64A;&#x629;</subfield>
  </datafield>
  <datafield tag="902" ind1=" " ind2=" ">
    <subfield code="a">1</subfield>
  </datafield>
  <datafield tag="905" ind1=" " ind2=" ">
    <subfield code="a">&#x62C;&#x645;&#x627;&#x644;</subfield>
    <subfield code="e">&#x645;&#x62F;&#x62E;&#x644;</subfield>
  </datafield>
  <datafield tag="942" ind1=" " ind2=" ">
    <subfield code="2">ddc</subfield>
    <subfield code="c">BK</subfield>
  </datafield>
  <datafield tag="999" ind1=" " ind2=" ">
    <subfield code="c">112154</subfield>
    <subfield code="d">112154</subfield>
  </datafield>
  <datafield tag="952" ind1=" " ind2=" ">
    <subfield code="2">ddc</subfield>
    <subfield code="7">0</subfield>
    <subfield code="a">CUCL</subfield>
    <subfield code="b">cl220</subfield>
    <subfield code="d">2024-02-11</subfield>
    <subfield code="o">227.4 K459 1979</subfield>
    <subfield code="p">01000100081023001</subfield>
    <subfield code="r">2023-09-23 00:00:00</subfield>
    <subfield code="t">v.1 C.1</subfield>
    <subfield code="y">BK</subfield>
  </datafield>
</record>
